Transport : on land, at sea & in the air

Bibliographic Details
Other Authors: Spurgeon, Maureen
Format: Book
Published: England : Brown Watson , 2002
Subjects:

MARC

LEADER 00000cam a2200000 7i4500
001 0000006435
005 20151222.0
008 070816
020 |a 0709715137 
090 0 0 |a TRA   |b ENG 
245 1 0 |a Transport :   |b on land, at sea & in the air   |c edited by Maureen Spurgeon 
260 |a England :   |b Brown Watson ,   |c 2002 
500 |a Children ages 10-12 years old (pink) 
650 0 |a Junior fiction   |x English   |x Language 
650 0 |a Transportation 
700 1 |a Spurgeon, Maureen 
999 |a 0000980096   |b Book   |c Children Collection   |e Cawangan Taman Universiti 
999 |a 0000982262   |b Book   |c Children Collection   |e Cawangan Kota Tinggi 
999 |a 0000982263   |b Book   |c Children Collection   |e Cawangan Kota Tinggi 
999 |a 0000982264   |b Book   |c Children Collection   |e Cawangan Taman Universiti 
999 |a 0000982265   |b Book   |c Children Collection   |e Cawangan Segamat